[Event "Barcelona Tona op 1st"]
[Site "Barcelona"]
[Date "2011.12.08"]
[Round "7"]
[White "Farre Rovireta, Lluis"]
[Black "Canadell Ruiz, Samuel Sandal"]
[Result "1-0"]
[WhiteElo "1863"]
[BlackElo "1829"]
[PlyCount "116"]
[EventDate "2011.12.05"]
[EventType "swiss"]
[EventRounds "8"]
[EventCountry "ESP"]
[SourceTitle "CBM 145 Extra"]
[Source "ChessBase"]
[SourceDate "2012.01.03"]
[SourceVersion "1"]
[SourceVersionDate "2012.01.03"]
[SourceQuality "1"]

1. d4 Nf6 2. e3 e6 3. a3 b6 4. Be2 Bb7 5. Bf3 Qc8 6. Nd2 c5 7. c3 d5 8. dxc5 Bxc5 9. b4 Be7 10. Bb2 Nbd7 11. Ne2 Ne5 12. Nd4 Nd3+ 13. Ke2 Nxb2 14. Qb3 Nc4 15. Nxc4 dxc4 16. Qa4+ Kf8 17. Rhd1 Nd5 18. Rac1 a6 19. Kf1 b5 20. Qc2 Qc7 21. Qe2 Qxh2 22. g3 e5 23. Nf5 Qh3+ 24. Kg1 Qxf5 25. Bxd5 Bxd5 26. Rxd5 g5 27. e4 Qe6 28. g4 Kg7 29. Kg2 Rad8 30. Rcd1 Rd6 31. Rxd6 Bxd6 32. f3 h5 33. Qd2 hxg4 34. Qxg5+ Kf8 35. Qd8+ Qe8 36. Qxd6+ Qe7 37. fxg4 Rg8 38. Kf3 Rg6 39. Qd8+ Qxd8 40. Rxd8+ Ke7 41. Rd5 Ke6 42. Rc5 Rf6+ 43. Ke3 Kd6 44. Rd5+ Kc6 45. Rxe5 Rd6 46. Rc5+ Kb6 47. Rd5 Rh6 48. Rh5 Rd6 49. Rd5 Rh6 50. g5 Rh3+ 51. Kd2 Kc6 52. Rf5 Rd3+ 53. Kc2 Rd7 54. Rf6+ Kb7 55. e5 Ka7 56. e6 fxe6 57. Rxe6 Rg7 58. g6 Kb7 1-0

[Event "Barcelona Tona op 1st"]
[Site "Barcelona"]
[Date "2011.12.07"]
[Round "5"]
[White "Farre Rovireta, Lluis"]
[Black "Menac Comas, Joan Ramon"]
[Result "0-1"]
[WhiteElo "1863"]
[BlackElo "2216"]
[PlyCount "118"]
[EventDate "2011.12.05"]
[EventType "swiss"]
[EventRounds "8"]
[EventCountry "ESP"]
[SourceTitle "CBM 145 Extra"]
[Source "ChessBase"]
[SourceDate "2012.01.03"]
[SourceVersion "1"]
[SourceVersionDate "2012.01.03"]
[SourceQuality "1"]

1. d4 Nf6 2. e3 c5 3. dxc5 Qa5+ 4. c3 Qxc5 5. b4 Qc7 6. Bb2 d5 7. Nf3 e6 8. Be2 Be7 9. 0-0 0-0 10. a3 Nbd7 11. Nbd2 a5 12. Qb3 b6 13. c4 Bb7 14. Rfc1 Qb8 15. cxd5 Nxd5 16. bxa5 Nc5 17. Qd1 Rxa5 18. Nc4 Ra7 19. a4 Rd8 20. Qc2 Bf8 21. Nd4 Nb4 22. Qc3 Nxa4 23. Qb3 Nxb2 24. Qxb2 Rxa1 25. Rxa1 Be4 26. Bf3 Bxf3 27. Nxf3 Bc5 28. Nfd2 h6 29. Ne4 Be7 30. Qe2 Qc7 31. Rb1 Qc6 32. Ncd2 Qc2 33. Qd1 f5 34. Qxc2 Nxc2 35. Ng3 Rxd2 36. Rxb6 Rd1+ 37. Nf1 Kf7 38. Rc6 Na3 39. g3 Nb1 40. Kg2 Nd2 41. Nxd2 Rxd2 42. h3 Kf6 43. Kf3 Ra2 44. h4 Bb4 45. Rc1 g5 46. hxg5+ hxg5 47. Rf1 Bc5 48. g4 f4 49. exf4 gxf4 50. Kxf4 Rxf2+ 51. Rxf2 Bxf2 52. g5+ Ke7 53. Kf3 Bd4 54. Ke4 Bg7 55. Kf4 Kd6 56. Ke4 Kc5 57. Kf4 Kd4 58. g6 e5+ 59. Kf3 Kd3 0-1

[Event "Barcelona Tona op 1st"]
[Site "Barcelona"]
[Date "2011.12.05"]
[Round "1"]
[White "Farre Rovireta, Lluis"]
[Black "Montilla Carrillo, Esteban"]
[Result "0-1"]
[WhiteElo "1863"]
[BlackElo "2299"]
[PlyCount "74"]
[EventDate "2011.12.05"]
[EventType "swiss"]
[EventRounds "8"]
[EventCountry "ESP"]
[SourceTitle "CBM 145 Extra"]
[Source "ChessBase"]
[SourceDate "2012.01.03"]
[SourceVersion "1"]
[SourceVersionDate "2012.01.03"]
[SourceQuality "1"]

1. d4 Nf6 2. e3 b6 3. a3 Bb7 4. Nd2 e6 5. b4 d6 6. Bb2 Nbd7 7. c4 c5 8. b5 g6 9. Ngf3 Bg7 10. Be2 0-0 11. 0-0 Rc8 12. Qc2 cxd4 13. Bxd4 Qc7 14. Rac1 e5 15. Bb2 Rfe8 16. Qb3 Nc5 17. Qa2 Ba8 18. a4 Re7 19. Nb3 Nfe4 20. Nxc5 Nxc5 21. Nd2 Qb7 22. Bf3 e4 23. Bd1 Bxb2 24. Qxb2 Nd3 25. Qa3 Nxc1 26. Qxc1 Qc7 27. Qb2 Qc5 28. Be2 Qe5 29. Qa2 d5 30. cxd5 Bxd5 31. Qb1 Qc3 32. Rd1 f5 33. g3 Bf7 34. h4 Rd7 35. Nf1 Rcc7 36. Kg2 Bb3 37. Rxd7 Rxd7 0-1

[Event "Centelles op B"]
[Site "Centelles"]
[Date "1996.10.26"]
[Round "8"]
[White "Campos Bandera, Pere"]
[Black "Farre Rovireta, Lluis"]
[Result "1/2-1/2"]
[WhiteElo "1900"]
[BlackElo "1870"]
[PlyCount "56"]
[EventDate "1996.09.07"]
[EventType "swiss"]
[EventRounds "8"]
[EventCountry "ESP"]
[SourceTitle "EXT 2003"]
[Source "ChessBase"]
[SourceDate "2002.11.25"]
[SourceVersion "1"]
[SourceVersionDate "2002.11.25"]
[SourceQuality "1"]

1. e4 c5 2. Nf3 d6 3. d4 cxd4 4. Nxd4 a6 5. Bc4 e6 6. Be3 Be7 7. 0-0 Nf6 8. Nc3 0-0 9. f4 Nbd7 10. Qe2 b6 11. Rad1 Qc7 12. Bd3 Bb7 13. Nf3 Nc5 14. Bxc5 Qxc5+ 15. Kh1 b5 16. a3 h6 17. Nb1 Ng4 18. Rde1 Nf6 19. b4 Qc7 20. Nbd2 Nd7 21. c4 bxc4 22. Nxc4 d5 23. Na5 dxe4 24. Bxe4 Bxe4 25. Qxe4 Bf6 26. Rc1 Qb8 27. Nc6 Qb5 28. Rfd1 Nb6 1/2-1/2

[Event "Centelles op B"]
[Site "Centelles"]
[Date "1996.09.14"]
[Round "2"]
[White "Martin Capitan, Jesus C"]
[Black "Farre Rovireta, Lluis"]
[Result "1-0"]
[WhiteElo "1925"]
[BlackElo "1870"]
[PlyCount "59"]
[EventDate "1996.09.07"]
[EventType "swiss"]
[EventRounds "8"]
[EventCountry "ESP"]
[SourceTitle "EXT 2003"]
[Source "ChessBase"]
[SourceDate "2002.11.25"]
[SourceVersion "1"]
[SourceVersionDate "2002.11.25"]
[SourceQuality "1"]

1. e4 c5 2. c3 e6 3. d4 cxd4 4. cxd4 d6 5. Nc3 a6 6. Nf3 Be7 7. Bc4 Nf6 8. Bg5 0-0 9. d5 e5 10. h3 Nbd7 11. 0-0 h6 12. Be3 b6 13. b4 Qc7 14. Qd3 b5 15. Bb3 Nb6 16. Nd2 Bd7 17. Rac1 Qb7 18. f4 Nh5 19. fxe5 dxe5 20. d6 Bd8 21. Nd5 Rc8 22. Ne7+ Kh7 23. Nxc8 Nxc8 24. Rxf7 Rxf7 25. Bxf7 Nf6 26. Nf3 Qxe4 27. Qxe4+ Nxe4 28. Nxe5 Ncxd6 29. Bg6+ Kg8 30. Bxe4 1-0

[Event "Centelles op B"]
[Site "Centelles"]
[Date "1996.09.07"]
[Round "1"]
[White "Farre Rovireta, Lluis"]
[Black "Trujillo Garcia, Josefina"]
[Result "1/2-1/2"]
[WhiteElo "1870"]
[BlackElo "1805"]
[PlyCount "74"]
[EventDate "1996.09.07"]
[EventType "swiss"]
[EventRounds "8"]
[EventCountry "ESP"]
[SourceTitle "EXT 2003"]
[Source "ChessBase"]
[SourceDate "2002.11.25"]
[SourceVersion "1"]
[SourceVersionDate "2002.11.25"]
[SourceQuality "1"]

1. d4 Nf6 2. Nf3 g6 3. e3 Bg7 4. a3 d6 5. b4 0-0 6. Bb2 Bg4 7. Be2 Nbd7 8. Nbd2 Nb6 9. c4 Qd7 10. Rc1 d5 11. c5 Nc8 12. Ne5 Bxe2 13. Qxe2 Qf5 14. 0-0 Nd7 15. Nxd7 Qxd7 16. Nf3 e6 17. e4 dxe4 18. Qxe4 f5 19. Qe2 Qd5 20. Rfe1 Re8 21. Qc4 Ne7 22. Rxe6 Qxc4 23. Rxc4 Nd5 24. Rxe8+ Rxe8 25. Kf1 Kf7 26. Rc2 Nf4 27. Bc1 Nd3 28. Bb2 g5 29. Nxg5+ Kf6 30. Nf3 Nxb2 31. Rxb2 h6 32. Re2 Rxe2 33. Kxe2 Ke6 34. Kd3 Kd5 35. g3 Bf6 36. h4 h5 37. a4 a6 1/2-1/2